LEADER 01352nam a2200349 a 4500 001 000000133133 003 CaOOAMICUS 005 20130313102619.0 008 130313s1999 it a u000 u ita r 020 $a978-88-15-07217-7 040 $aPUL$bita 041 1 $aita$heng 082 04$a160 100 1 $aCopi, Irving M.$0(OLS)http://pul/name/85800 240 10$aIntroduction to logic.$lItaliano.$0(OLS)http://pul/title/168213 245 10$aIntroduzione alla logica /$cIrving M. Copi, Carl Cohen. 250 $a3. ed. 260 $aBologna :$bIl Mulino,$cİ1999$g2012 300 $a690 p. :$bill. ;$c24 cm 490 1 $aStrumenti. Filosofia 500 $aContiene indice. 650 4$aLogica$xFilosofia$vManuali.$0(OLS)http://pul/subject/35739 700 1 $aCohen, Carl.$0(OLS)http://pul/name/85801 830 0$aStrumenti (Il Mulino).$pFilosofia.$0(OLS)http://pul/title/106964 850 $aPUL 852 $aPUL$W1$xSL Filosofia 3$y81$m160 COPIR 1$j153071$qDDC 21$B152567$CPULBib$Z2$F152567 $H121830 $82 941 1 $a9 996 $6020$a978-88-15-07217-7$9(OLS)http://pul/number/152107 996 $6082$a160$9(OLS)http://pul/classification/596 996 $6245$aIntroduzione alla logica$9(OLS)http://pul/title/168214 996 $6260$aBologna :$bIl Mulino$9(OLS)http://pul/publisher/47928 LEADER 01219nam a2200265 a 4500 001 000000120153 003 CaOOAMICUS 005 20100218173056.0 008 100218t2009 it u000 u ita r 020 $a978-88-215-6629-5 040 $aPUL$bita$dReb 100 1 $aIacopini, Beatrice.$0(OLS)http://pul/name/75144 245 14$aUno sguardo nuovo :$bil problema del male in Etty Hillesum e Simone Weil /$cBeatrice Iacopini, Sabina Moser. 260 $aCinisello Balsamo :$bSan Paolo,$cİ2009. 300 $a236 p. ;$c21 cm. 504 $aBibliografia p. 227-236. 600 14$aHillesum, Etty,$d1914-1943.$0(OLS)http://pul/subject/20843 600 14$aWeil, Simone,$d1909-1943$xTeologia.$0(OLS)http://pul/subject/27317 700 1 $aMoser, Sabina.$0(OLS)http://pul/name/75145 850 $aPUL 852 $aPUL$W1$xSL Filosofia 3$y81$m111. 8 IACBE 1$j137784$qDDC 21$B136921$CPULBib$Z2$F136921 $H112747 $82 941 1 $a9 996 $6020$a978-88-215-6629-5$9(OLS)http://pul/number/143363 996 $6245$aUno sguardo nuovo :$bil problema del male in Etty Hillesum e Simone Weil$9(OLS)http://pul/title/151146 996 $6260$aCinisello Balsamo :$bSan Paolo$9(OLS)http://pul/publisher/54577